UM Logo

Data analytics for organisational development: (Record no. 16620)

MARC details
000 -LEADER
fixed length control field 02556cam a22003978i 4500
001 - CONTROL NUMBER
control field 21968145
003 - CONTROL NUMBER IDENTIFIER
control field OSt
005 - DATE AND TIME OF LATEST TRANSACTION
control field 20220302141006.0
008 - FIXED-LENGTH DATA ELEMENTS--GENERAL INFORMATION
fixed length control field 210325s2021 enk 001 0 eng c
010 ## - LIBRARY OF CONGRESS CONTROL NUMBER
LC control number 2021012021
020 ## - INTERNATIONAL STANDARD BOOK NUMBER
International Standard Book Number 9781119758334
Qualifying information (hardback)
020 ## - INTERNATIONAL STANDARD BOOK NUMBER
Canceled/invalid ISBN 9781119758310
Qualifying information (adobe pdf)
020 ## - INTERNATIONAL STANDARD BOOK NUMBER
Canceled/invalid ISBN 9781119758372
Qualifying information (epub)
020 ## - INTERNATIONAL STANDARD BOOK NUMBER
Canceled/invalid ISBN 9781119758327
Qualifying information (obook)
040 ## - CATALOGING SOURCE
Original cataloging agency WaSeSS/DLC
Language of cataloging eng
Description conventions rda
Transcribing agency DLC
042 ## - AUTHENTICATION CODE
Authentication code pcc
050 00 - LIBRARY OF CONGRESS CALL NUMBER
Classification number HF5351
Item number .K3237 2021
082 00 - DEWEY DECIMAL CLASSIFICATION NUMBER
Classification number 2021
Edition number DC 658.0557
Item number K162
100 1# - MAIN ENTRY--PERSONAL NAME
Personal name Kaufmann, Uwe H.,
Relator term author.
9 (RLIN) 44304
245 10 - TITLE STATEMENT
Title Data analytics for organisational development:
Remainder of title unleashing the potential of your data/
Statement of responsibility, etc. Uwe H. Kaufmann, Amy BC Tan., authors
263 ## - PROJECTED PUBLICATION DATE
Projected publication date 2108
264 #1 - PRODUCTION, PUBLICATION, DISTRIBUTION, MANUFACTURE, AND COPYRIGHT NOTICE
Place of production, publication, distribution, manufacture Chichester, West Sussex, United Kingdom:
Name of producer, publisher, distributor, manufacturer Wiley,
Date of production, publication, distribution, manufacture, or copyright notice ©2021.
300 ## - PHYSICAL DESCRIPTION
Extent vii, 345 pages:
Other physical details illustrations;
Dimensions 26 cm.
336 ## - CONTENT TYPE
Content type term text
Content type code txt
Source rdacontent
337 ## - MEDIA TYPE
Media type term unmediated
Media type code n
Source rdamedia
338 ## - CARRIER TYPE
Carrier type term volume
Carrier type code nc
Source rdacarrier
500 ## - GENERAL NOTE
General note Includes index.
520 ## - SUMMARY, ETC.
Summary, etc. "Data analytics has become central to the operation of most businesses and an increasingly necessary skill that every manager should have. More and more organizations are also seeing the need to collect data on their operational environment and are widening the scope of their data analytics activities. Some researchers used to suggest that data analytics is mainly about the handling of user data produced by Customer Relationship Management (CRM) and similar systems and turning these into customer intelligence. The scope of data analytics, however, has now opened up to include all functions of an organization. Not only is there a move from the so-called Big Data analytics to analytics of any kind of data, there is also a healthy trend towards involving all levels of management and even staff into this not-so-new field of information management. This practical guide introduces a methodical process for gathering, screening, transforming and analyzing the correct set of data to ensure that they are a reliable variable for business decision-making."--
Assigning source Provided by publisher.
650 #0 - SUBJECT ADDED ENTRY--TOPICAL TERM
Topical term or geographic name as entry element Business enterprises
General subdivision Data processing.
9 (RLIN) 44305
650 #0 - SUBJECT ADDED ENTRY--TOPICAL TERM
Topical term or geographic name as entry element Organizational change.
9 (RLIN) 44306
700 1# - ADDED ENTRY--PERSONAL NAME
Personal name Tan, Amy B. C.,
Relator term author.
9 (RLIN) 44307
776 08 - ADDITIONAL PHYSICAL FORM ENTRY
Relationship information Online version:
Main entry heading Kaufmann, Uwe H.,
Title Data analytics for organisational development
Place, publisher, and date of publication Chichester, West Sussex, United Kingdom : Wiley, 2021.
International Standard Book Number 9781119758310
Record control number (DLC) 2021012022
906 ## - LOCAL DATA ELEMENT F, LDF (RLIN)
a 7
b cbc
c orignew
d 1
e ecip
f 20
g y-gencatlg
942 ## - ADDED ENTRY ELEMENTS (KOHA)
Source of classification or shelving scheme Dewey Decimal Classification
Koha item type Circulation
Holdings
Withdrawn status Lost status Source of classification or shelving scheme Damaged status Not for loan Collection code Home library Current library Date acquired Source of acquisition Cost, normal purchase price Total Checkouts Full call number Barcode Date last seen Price effective from Koha item type
    Dewey Decimal Classification     Circulation UM Digos College - LIC UM Digos College - LIC 02/10/2022 Purchased 3596.00   DC 658.0557 K162 2021 26410 05/15/2025 03/02/2022 Circulation